Využití certifikátů pro sledování výroby, přeměn a ukladání obnovitelné energie

Spotrebovaná elektrina z obnoviteľných zdrojov. Trendy trhu so zárukami pôvodu. Získanie statusu zelenej firmy.

Guardado en:
Detalles Bibliográficos
Autor principal: Svoboda, Petr
Formato: Capítulo de libro
Lenguaje:checo
Materias:
Etiquetas: Agregar Etiqueta
Sin Etiquetas, Sea el primero en etiquetar este registro!

MARC

LEADER 00000naa a2200000 4500
001 0281033
005 20240417075150.8
041 0 |a cze 
044 |a CZ 
245 1 0 |a Využití certifikátů pro sledování výroby, přeměn a ukladání obnovitelné energie  |c Petr Svoboda 
520 |a Spotrebovaná elektrina z obnoviteľných zdrojov. Trendy trhu so zárukami pôvodu. Získanie statusu zelenej firmy. 
610 2 0 |a energetika 
610 2 0 |a hospodárnosť 
610 2 0 |a spotreba energie 
100 1 |a Svoboda, Petr